zpět

Detail výsledku týmu

Spirit Bar - Žižkov, Praha

Datum a čas kvízu

25.5 Celkem bodů Celkový počet nahraných bodů na tomto kvízu bez doplňovacích otázek.
8. Pořadí na kvízu Konečné umístění týmu na tomto kvízu.

Zaznamenané odpovědi

# Otázka Odpověď Body Výsledky
1. V sobotu byla pro návštěvníky... Bohumil Hrabal, Kersko 1
2. Buckinghamský palác odhalil v... D) motýl 0
3. Jeden z 28 evropských koncertů... Thirty Seconds to Mars (30 Seconds to Mars) 0
4. Podnikatel Jan Čermák minulý t... TV Barrandov 0
5. V sobotu se v Rijádu konal dlo... Tyson Fury, Oleksandr Usyk 0
6. Bájného českého knížete Kroka,... Krakov 1
7. K Janu Žižkovi se váže jistá p... C 1
8. Před kněžnou Libuší stanuli dv... A 0
9. Václav Podbrdský byl kameník,... A 0
10. Pokud dokážete určit, co tento... Stadice 1